000 00733nam a2200229Ia 4500
003 OSt
005 20250224151708.0
008 210716s2017 xx 000 0 und d
020 _a9781782174271
040 _cAIMIT LIBRARY
041 _aeng
082 _a006.671
_21
_bGRIA
100 _aGrigorev, Alexey.
_9202285
245 _aMastering java for data science :
_bbuilding data science applications in java /
_cBy Alexey Grigorev.
250 _a1st ed.
260 _aMumbai :
_bPackt Publishing Ltd ,
_c2017.
300 _av, 347p. ;
_bPB
_c24 cm
650 _aData processing toolbox
_9202286
650 _aExploratory data analysis
_9202287
650 _aScaling data science
_9202288
942 _2ddc
_cBK
_e1st
_k006.671 GRIA
999 _c196831
_d196831